000 00403cam a2200169ua 4500
020 _c2.25
041 _amal
_h
082 _a894.812301
_bKUM/SI
100 _aKumaran Nair, P.M .
245 _aSignal Man /
_cP.M.Kumaran Nair.
_hTextual Documents
260 _aCalicut :
_bP K Brothers ,
_c1961.
300 _a181 ; .
365 _a2.25
504 _a
942 _cBK
999 _c12018
_d12018